[Event "ODJM C 2023"]
[Site "Willingen GER"]
[Date "2023.05.30"]
[Round "4"]
[White "Dotschuweit, Erik"]
[Black "Dauerer, Leonhard"]
[Result "1-0"]
[Termination "normal"]
[Board "8"]
[WhiteElo "1332"]
[BlackElo "1184"]
[WhiteClock "01:03:42"]
[BlackClock "01:23:27"]
[PlyCount "120"]
[WhiteFideId "34610146"]
[BlackFideId "34640223"]
[EventCountry "GER"]
[EventRounds "9"]
[EventType "swiss"]
[EventDate "2023.05.27"]

1. d4 {[%clk 01:30:43]} {[%emt 00:00:16]} d5 {[%clk 01:30:54]} {[%emt
00:00:07]} 2. Bf4 {[%clk 01:30:36]} {[%emt 00:00:35]} Bf5 {[%clk 01:31:14]}
{[%emt 00:00:11]} 3. e3 {[%clk 01:30:32]} {[%emt 00:00:31]} e6 {[%clk
01:31:33]} {[%emt 00:00:14]} 4. Bd3 {[%clk 01:30:34]} {[%emt 00:00:28]} Bg6
{[%clk 01:31:35]} {[%emt 00:00:27]} 5. Nf3 {[%clk 01:30:37]} {[%emt 00:00:27]}
c5 {[%clk 01:31:58]} {[%emt 00:00:07]} 6. c3 {[%clk 01:30:41]} {[%emt
00:00:27]} Nd7 {[%clk 01:32:11]} {[%emt 00:00:17]} 7. O-O {[%clk 01:30:38]}
{[%emt 00:00:33]} Ngf6 {[%clk 01:32:16]} {[%emt 00:00:26]} 8. Bxg6 {[%clk
01:30:51]} {[%emt 00:00:17]} hxg6 {[%clk 01:32:36]} {[%emt 00:00:10]} 9. Nbd2
{[%clk 01:30:49]} {[%emt 00:00:31]} Rc8 {[%clk 01:30:58]} {[%emt 00:02:07]} 10.
Qa4 {[%clk 01:30:21]} {[%emt 00:00:59]} a5 {[%clk 01:27:52]} {[%emt 00:03:37]}
11. Rac1 {[%clk 01:28:07]} {[%emt 00:02:44]} Qb6 {[%clk 01:25:58]} {[%emt
00:02:24]} 12. b4 {[%clk 01:27:22]} {[%emt 00:01:15]} axb4 {[%clk 01:26:05]}
{[%emt 00:00:23]} 13. cxb4 {[%clk 01:22:55]} {[%emt 00:04:58]} c4 {[%clk
01:26:27]} {[%emt 00:00:08]} 14. Rfe1 {[%clk 01:22:16]} {[%emt 00:01:08]} Be7
{[%clk 01:26:40]} {[%emt 00:00:16]} 15. a3 {[%clk 01:09:28]} {[%emt 00:13:20]}
Qc6 {[%clk 01:25:44]} {[%emt 00:01:21]} 16. Qxc6 {[%clk 01:06:33]} {[%emt
00:03:29]} Rxc6 {[%clk 01:26:07]} {[%emt 00:00:07]} 17. b5 {[%clk 01:06:38]}
{[%emt 00:00:24]} Rc8 {[%clk 01:26:32]} {[%emt 00:00:07]} 18. a4 {[%clk
01:06:30]} {[%emt 00:00:37]} Bb4 {[%clk 01:26:50]} {[%emt 00:00:12]} 19. Rc2
{[%clk 01:05:49]} {[%emt 00:01:11]} O-O {[%clk 01:26:09]} {[%emt 00:01:12]} 20.
Rb1 {[%clk 01:05:51]} {[%emt 00:00:28]} Ba5 {[%clk 01:25:48]} {[%emt 00:00:50]}
21. Bd6 {[%clk 01:05:44]} {[%emt 00:00:36]} Rfe8 {[%clk 01:25:46]} {[%emt
00:00:33]} 22. Ng5 {[%clk 01:05:33]} {[%emt 00:00:40]} Bc7 {[%clk 01:25:31]}
{[%emt 00:00:46]} 23. Bxc7 {[%clk 01:05:26]} {[%emt 00:00:37]} Rxc7 {[%clk
01:25:55]} {[%emt 00:00:07]} 24. e4 {[%clk 01:05:19]} {[%emt 00:00:36]} b6
{[%clk 01:23:54]} {[%emt 00:02:32]} 25. Re1 {[%clk 01:04:04]} {[%emt 00:01:44]}
Rec8 {[%clk 01:23:31]} {[%emt 00:00:54]} 26. e5 {[%clk 01:03:53]} {[%emt
00:00:40]} Nh5 {[%clk 01:23:49]} {[%emt 00:00:12]} 27. g3 {[%clk 01:03:42]}
{[%emt 00:00:41]} Ra8 {[%clk 01:23:03]} {[%emt 00:01:17]} 28. Ra1 {[%clk
01:00:40]} {[%emt 00:03:31]} Rca7 {[%clk 01:22:16]} {[%emt 00:01:17]} 29. Rca2
{[%clk 01:00:28]} {[%emt 00:00:42]} Kf8 {[%clk 01:22:33]} {[%emt 00:00:12]} 30.
Nb1 {[%clk 01:00:23]} {[%emt 00:00:35]} Ke7 {[%clk 01:22:33]} {[%emt 00:00:30]}
31. f4 {[%clk 01:00:06]} {[%emt 00:00:47]} f6 {[%clk 01:22:33]} {[%emt
00:00:30]} 32. Nf3 {[%clk 01:00:23]} {[%emt 00:00:13]} fxe5 {[%clk 01:22:11]}
{[%emt 00:00:52]} 33. fxe5 {[%clk 01:00:42]} {[%emt 00:00:11]} g5 {[%clk
01:22:33]} {[%emt 00:00:09]} 34. Nxg5 {[%clk 01:00:39]} {[%emt 00:00:32]} g6
{[%clk 01:22:51]} {[%emt 00:00:11]} 35. Nc3 {[%clk 01:00:49]} {[%emt 00:00:21]}
Rf8 {[%clk 01:22:56]} {[%emt 00:00:25]} 36. Rf2 {[%clk 01:00:50]} {[%emt
00:00:29]} Raa8 {[%clk 01:23:14]} {[%emt 00:00:13]} 37. Raf1 {[%clk 01:00:38]}
{[%emt 00:00:41]} Ng7 {[%clk 01:23:23]} {[%emt 00:00:19]} 38. g4 {[%clk
01:00:54]} {[%emt 00:00:16]} Rxf2 {[%clk 01:22:54]} {[%emt 00:01:00]} 39. Rxf2
{[%clk 01:01:16]} {[%emt 00:00:07]} Rf8 {[%clk 01:23:15]} {[%emt 00:00:10]} 40.
Rxf8 {[%clk 01:01:29]} {[%emt 00:00:16]} Kxf8 {[%clk 01:23:40]} {[%emt
00:00:05]} 41. Kf2 {[%clk 01:01:37]} {[%emt 00:00:23]} Ke7 {[%clk 01:23:57]}
{[%emt 00:00:12]} 42. Kf3 {[%clk 01:01:38]} {[%emt 00:00:29]} Nf8 {[%clk
01:22:32]} {[%emt 00:01:55]} 43. Nh3 {[%clk 01:01:33]} {[%emt 00:00:35]} Nd7
{[%clk 01:22:42]} {[%emt 00:00:20]} 44. Nf4 {[%clk 01:01:38]} {[%emt 00:00:25]}
Nf8 {[%clk 01:22:45]} {[%emt 00:00:26]} 45. Kg3 {[%clk 01:01:59]} {[%emt
00:00:11]} g5 {[%clk 01:22:45]} {[%emt 00:00:29]} 46. Ng2 {[%clk 01:01:30]}
{[%emt 00:00:59]} Ng6 {[%clk 01:22:38]} {[%emt 00:00:37]} 47. h4 {[%clk
01:01:43]} {[%emt 00:00:17]} gxh4+ {[%clk 01:22:30]} {[%emt 00:00:38]} 48. Nxh4
{[%clk 01:01:56]} {[%emt 00:00:17]} Nxh4 {[%clk 01:22:54]} {[%emt 00:00:06]}
49. Kxh4 {[%clk 01:02:19]} {[%emt 00:00:07]} Kf7 {[%clk 01:23:19]} {[%emt
00:00:06]} 50. a5 {[%clk 01:02:03]} {[%emt 00:00:46]} Ne8 {[%clk 01:21:32]}
{[%emt 00:02:16]} 51. axb6 {[%clk 01:02:18]} {[%emt 00:00:15]} Nd6 {[%clk
01:21:50]} {[%emt 00:00:12]} 52. exd6 {[%clk 01:02:30]} {[%emt 00:00:18]} e5
{[%clk 01:22:17]} {[%emt 00:00:04]} 53. b7 {[%clk 01:02:49]} {[%emt 00:00:11]}
exd4 {[%clk 01:22:39]} {[%emt 00:00:07]} 54. b8=Q {[%emt 00:00:08]} dxc3 {[%emt
00:00:18]} 55. Qc7+ {[%clk 01:02:41]} {[%emt 00:00:12]} Kg6 {[%clk 01:22:31]}
{[%emt 00:00:39]} 56. Qa5 {[%clk 01:02:33]} {[%emt 00:00:37]} d4 {[%clk
01:22:43]} {[%emt 00:00:18]} 57. Qa1 {[%clk 01:02:47]} {[%emt 00:00:16]} c2
{[%clk 01:23:05]} {[%emt 00:00:09]} 58. d7 {[%clk 01:03:08]} {[%emt 00:00:09]}
d3 {[%clk 01:22:50]} {[%emt 00:00:45]} 59. d8=Q {[%clk 01:03:30]} {[%emt
00:00:06]} Kh7 {[%clk 01:23:05]} {[%emt 00:00:16]} 60. Qdh8+ {[%clk 01:03:42]}
{[%emt 00:00:19]} Kg6 {[%clk 01:23:27]} {[%emt 00:00:07]} 1-0

[Event "ODJM C 2023"]
[Site "Willingen GER"]
[Date "2023.05.30"]
[Round "4"]
[White "Schwedhelm, Dennis"]
[Black "Kühne, Malin"]
[Result "1-0"]
[Termination "normal"]
[Board "9"]
[WhiteElo "1373"]
[BlackElo "1162"]
[WhiteClock "00:36:22"]
[BlackClock "00:25:05"]
[PlyCount "105"]
[WhiteFideId "16228995"]
[BlackFideId "34619747"]
[EventCountry "GER"]
[EventRounds "9"]
[EventType "swiss"]
[EventDate "2023.05.27"]

1. d4 {[%clk 01:30:58]} d5 {[%clk 01:30:56]} {[%emt 00:00:06]} 2. c4 {[%clk
01:31:21]} {[%emt 00:00:07]} e6 {[%clk 01:31:21]} {[%emt 00:00:05]} 3. Nf3
{[%clk 01:31:40]} {[%emt 00:00:10]} Nf6 {[%clk 01:31:20]} {[%emt 00:00:32]} 4.
e3 {[%clk 01:31:41]} {[%emt 00:00:28]} Nbd7 {[%clk 01:30:41]} {[%emt 00:01:10]}
5. a3 {[%clk 01:31:31]} {[%emt 00:00:40]} Be7 {[%clk 01:29:11]} {[%emt
00:01:59]} 6. Nc3 {[%clk 01:31:18]} {[%emt 00:00:43]} b6 {[%clk 01:27:54]}
{[%emt 00:01:48]} 7. Qc2 {[%clk 01:29:06]} {[%emt 00:02:41]} Bb7 {[%clk
01:27:34]} {[%emt 00:00:50]} 8. Be2 {[%clk 01:28:43]} {[%emt 00:00:52]} dxc4
{[%clk 01:27:37]} {[%emt 00:00:27]} 9. e4 {[%clk 01:27:09]} {[%emt 00:02:04]}
c5 {[%clk 01:18:22]} {[%emt 00:09:45]} 10. Bxc4 {[%clk 01:22:55]} {[%emt
00:04:45]} cxd4 {[%clk 01:15:50]} {[%emt 00:03:01]} 11. Nxd4 {[%clk 01:21:09]}
{[%emt 00:02:16]} O-O {[%clk 01:13:59]} {[%emt 00:02:21]} 12. Nf3 {[%clk
01:14:50]} {[%emt 00:06:48]} Nc5 {[%clk 01:09:13]} {[%emt 00:05:16]} 13. e5
{[%clk 01:10:46]} {[%emt 00:04:35]} Nfd7 {[%clk 01:00:33]} {[%emt 00:09:11]}
14. b4 {[%clk 01:07:53]} {[%emt 00:03:22]} Na6 {[%clk 00:59:39]} {[%emt
00:01:24]} 15. Qd3 {[%clk 00:58:42]} {[%emt 00:09:39]} Nc7 {[%clk 00:55:09]}
{[%emt 00:05:02]} 16. Bf4 {[%clk 00:55:35]} {[%emt 00:03:37]} a6 {[%clk
00:50:05]} {[%emt 00:05:34]} 17. Rd1 {[%clk 00:52:23]} {[%emt 00:03:42]} Bc8
{[%clk 00:43:33]} {[%emt 00:07:02]} 18. O-O {[%clk 00:50:30]} {[%emt 00:02:23]}
b5 {[%clk 00:42:03]} {[%emt 00:02:01]} 19. Bb3 {[%clk 00:49:52]} {[%emt
00:01:07]} Qe8 {[%clk 00:36:32]} {[%emt 00:06:00]} 20. Bc2 {[%clk 00:47:57]}
{[%emt 00:02:25]} g6 {[%clk 00:35:54]} {[%emt 00:01:09]} 21. Bh6 {[%clk
00:47:58]} {[%emt 00:00:28]} Nb6 {[%clk 00:34:41]} {[%emt 00:01:44]} 22. Bxf8
{[%clk 00:43:24]} {[%emt 00:05:03]} Kxf8 {[%clk 00:33:37]} {[%emt 00:01:33]}
23. Qe3 {[%clk 00:34:33]} {[%emt 00:09:21]} Nc4 {[%clk 00:28:20]} {[%emt
00:05:48]} 24. Qh6+ {[%clk 00:33:45]} {[%emt 00:01:18]} Kg8 {[%clk 00:28:26]}
{[%emt 00:00:24]} 25. Ne4 {[%clk 00:32:45]} {[%emt 00:01:29]} Qf8 {[%clk
00:25:55]} {[%emt 00:03:01]} 26. Qxf8+ {[%clk 00:25:39]} {[%emt 00:07:37]} Kxf8
{[%clk 00:25:17]} {[%emt 00:01:08]} 27. Rd3 {[%clk 00:21:07]} {[%emt 00:05:00]}
Nd5 {[%clk 00:21:29]} {[%emt 00:04:20]} 28. Bb3 {[%clk 00:18:20]} {[%emt
00:03:18]} Nf4 {[%clk 00:21:14]} {[%emt 00:00:44]} 29. Bxc4 {[%clk 00:17:23]}
{[%emt 00:01:28]} bxc4 {[%clk 00:20:38]} {[%emt 00:01:05]} 30. Rd2 {[%clk
00:16:48]} {[%emt 00:01:04]} Bb7 {[%clk 00:19:06]} {[%emt 00:02:02]} 31. Nf6
{[%clk 00:16:28]} {[%emt 00:00:51]} Bxf6 {[%clk 00:17:52]} {[%emt 00:01:43]}
32. exf6 {[%clk 00:16:24]} {[%emt 00:00:35]} Rc8 {[%clk 00:14:47]} {[%emt
00:03:35]} 33. Rc1 {[%clk 00:14:37]} {[%emt 00:02:17]} Ke8 {[%clk 00:13:20]}
{[%emt 00:01:57]} 34. Kf1 {[%clk 00:14:14]} {[%emt 00:00:53]} Be4 {[%clk
00:12:07]} {[%emt 00:01:43]} 35. Rd4 {[%clk 00:12:46]} {[%emt 00:01:58]} Bd3+
{[%clk 00:10:48]} {[%emt 00:01:49]} 36. Ke1 {[%clk 00:13:09]} {[%emt 00:00:06]}
g5 {[%clk 00:06:35]} {[%emt 00:04:43]} 37. Nxg5 {[%clk 00:11:16]} {[%emt
00:02:24]} Ne2 {[%clk 00:06:08]} {[%emt 00:00:56]} 38. Rxd3 {[%clk 00:07:51]}
{[%emt 00:03:55]} Nxc1 {[%clk 00:06:24]} {[%emt 00:00:15]} 39. Rc3 {[%clk
00:07:56]} {[%emt 00:00:25]} Nd3+ {[%clk 00:06:03]} {[%emt 00:00:50]} 40. Ke2
{[%clk 00:08:02]} {[%emt 00:00:25]} h6 {[%clk 00:04:47]} {[%emt 00:01:45]} 41.
Ne4 {[%clk 00:07:56]} {[%emt 00:00:36]} Kd7 {[%clk 00:03:53]} {[%emt 00:01:26]}
42. Nd2 {[%clk 00:07:58]} {[%emt 00:00:27]} Nb2 {[%clk 00:29:08]} {[%emt
00:05:15]} 43. Rc2 {[%clk 00:35:55]} {[%emt 00:02:32]} Rc6 {[%clk 00:26:48]}
{[%emt 00:02:50]} 44. Rxb2 {[%clk 00:34:41]} {[%emt 00:01:45]} c3 {[%clk
00:26:48]} {[%emt 00:00:29]} 45. Rc2 {[%clk 00:35:08]} {[%emt 00:00:04]} cxd2
{[%clk 00:27:08]} {[%emt 00:00:10]} 46. Rxc6 {[%clk 00:35:30]} {[%emt
00:00:07]} Kxc6 {[%clk 00:25:50]} {[%emt 00:01:48]} 47. Kxd2 {[%clk 00:35:55]}
{[%emt 00:00:05]} Kb5 {[%clk 00:25:43]} {[%emt 00:00:38]} 48. Kc3 {[%clk
00:35:50]} {[%emt 00:00:34]} Ka4 {[%clk 00:25:45]} {[%emt 00:00:28]} 49. Kc4
{[%clk 00:35:47]} {[%emt 00:00:34]} e5 {[%clk 00:25:24]} {[%emt 00:00:50]} 50.
f3 {[%clk 00:35:57]} {[%emt 00:00:20]} h5 {[%clk 00:25:13]} {[%emt 00:00:42]}
51. h4 {[%clk 00:35:55]} {[%emt 00:00:32]} a5 {[%clk 00:24:54]} {[%emt
00:00:49]} 52. bxa5 {[%clk 00:36:01]} {[%emt 00:00:24]} Kxa5 {[%clk 00:25:05]}
{[%emt 00:00:19]} 53. Kd5 {[%clk 00:36:22]} {[%emt 00:00:09]} 1-0

[Event "ODJM C 2023"]
[Site "Willingen GER"]
[Date "2023.05.30"]
[Round "4"]
[White "Neininger, Pascal"]
[Black "Vöcking, Laura"]
[Result "0-1"]
[Termination "normal"]
[Board "10"]
[WhiteElo "1156"]
[BlackElo "1282"]
[WhiteClock "00:31:52"]
[BlackClock "00:03:22"]
[PlyCount "66"]
[WhiteFideId "34640860"]
[BlackFideId "16287630"]
[EventCountry "GER"]
[EventRounds "9"]
[EventType "swiss"]
[EventDate "2023.05.27"]

1. e4 {[%clk 01:30:57]} {[%emt 00:00:02]} e6 {[%clk 01:30:53]} {[%emt
00:00:08]} 2. d4 {[%clk 01:31:22]} {[%emt 00:00:05]} d5 {[%clk 01:31:13]}
{[%emt 00:00:10]} 3. Nc3 {[%clk 01:31:43]} {[%emt 00:00:09]} dxe4 {[%clk
01:28:06]} {[%emt 00:03:37]} 4. Nxe4 {[%clk 01:31:47]} {[%emt 00:00:26]} Nc6
{[%clk 01:27:13]} {[%emt 00:01:23]} 5. Nf3 {[%clk 01:32:05]} {[%emt 00:00:12]}
Be7 {[%clk 01:25:02]} {[%emt 00:02:42]} 6. Be3 {[%clk 01:31:32]} {[%emt
00:01:02]} Nf6 {[%clk 01:23:03]} {[%emt 00:02:29]} 7. Bd3 {[%clk 01:30:22]}
{[%emt 00:01:40]} b6 {[%clk 01:15:13]} {[%emt 00:08:20]} 8. c3 {[%clk
01:25:39]} {[%emt 00:05:13]} Bb7 {[%clk 01:11:55]} {[%emt 00:03:48]} 9. Nxf6+
{[%clk 01:21:26]} {[%emt 00:04:43]} Bxf6 {[%clk 01:11:16]} {[%emt 00:01:09]}
10. Be4 {[%clk 01:19:56]} {[%emt 00:01:59]} Qd7 {[%clk 01:04:13]} {[%emt
00:07:34]} 11. Qd3 {[%clk 01:15:58]} {[%emt 00:04:27]} O-O-O {[%clk 00:59:55]}
{[%emt 00:04:48]} 12. O-O {[%clk 01:14:46]} {[%emt 00:01:39]} Be7 {[%clk
00:57:12]} {[%emt 00:03:17]} 13. Rfd1 {[%clk 01:13:06]} {[%emt 00:02:09]} f5
{[%clk 00:49:26]} {[%emt 00:08:17]} 14. Bxc6 {[%clk 01:09:39]} {[%emt
00:03:56]} Qxc6 {[%clk 00:48:51]} {[%emt 00:01:06]} 15. Bf4 {[%clk 00:58:44]}
{[%emt 00:11:25]} g5 {[%clk 00:47:07]} {[%emt 00:02:14]} 16. Be5 {[%clk
00:55:52]} {[%emt 00:03:22]} Rhg8 {[%clk 00:46:27]} {[%emt 00:01:10]} 17. Ne1
{[%clk 00:51:54]} {[%emt 00:04:27]} h5 {[%clk 00:42:04]} {[%emt 00:04:54]} 18.
Qf3 {[%clk 00:49:15]} {[%emt 00:03:08]} Qe8 {[%clk 00:39:12]} {[%emt 00:03:22]}
19. Qg3 {[%clk 00:45:54]} {[%emt 00:03:51]} h4 {[%clk 00:36:51]} {[%emt
00:02:52]} 20. Qe3 {[%clk 00:42:27]} {[%emt 00:03:57]} g4 {[%clk 00:33:23]}
{[%emt 00:03:58]} 21. h3 {[%clk 00:38:58]} {[%emt 00:03:58]} gxh3 {[%clk
00:32:18]} {[%emt 00:01:35]} 22. Qxh3 {[%clk 00:39:09]} {[%emt 00:00:18]} Qc6
{[%clk 00:30:24]} {[%emt 00:02:25]} 23. f3 {[%clk 00:38:22]} {[%emt 00:01:17]}
Rg6 {[%clk 00:25:29]} {[%emt 00:05:25]} 24. Nd3 {[%clk 00:36:58]} {[%emt
00:01:54]} Rdg8 {[%clk 00:23:34]} {[%emt 00:02:26]} 25. Nf4 {[%clk 00:36:44]}
{[%emt 00:00:44]} Rg3 {[%clk 00:21:56]} {[%emt 00:02:07]} 26. Qh2 {[%clk
00:35:01]} {[%emt 00:02:13]} Qxf3 {[%clk 00:21:02]} {[%emt 00:01:25]} 27. Rd2
{[%clk 00:34:43]} {[%emt 00:00:48]} Qe3+ {[%clk 00:18:02]} {[%emt 00:03:30]}
28. Rf2 {[%clk 00:34:35]} {[%emt 00:00:37]} h3 {[%clk 00:16:57]} {[%emt
00:01:36]} 29. Raf1 {[%clk 00:33:16]} {[%emt 00:01:49]} Bh4 {[%clk 00:06:40]}
{[%emt 00:10:47]} 30. d5 {[%clk 00:31:50]} {[%emt 00:01:55]} Rxg2+ {[%clk
00:02:45]} {[%emt 00:04:25]} 31. Nxg2 {[%clk 00:31:44]} {[%emt 00:00:36]} Rxg2+
{[%clk 00:03:09]} {[%emt 00:00:06]} 32. Kh1 {[%clk 00:31:45]} {[%emt 00:00:29]}
Rxh2+ {[%clk 00:03:24]} {[%emt 00:00:16]} 33. Rxh2 {[%clk 00:31:52]} {[%emt
00:00:22]} Bxd5+ {[%clk 00:03:22]} {[%emt 00:00:32]} 0-1

[Event "ODJM C 2023"]
[Site "Willingen GER"]
[Date "2023.05.30"]
[Round "4"]
[White "Franke, Leonhard"]
[Black "Lang, Samuel"]
[Result "1-0"]
[Termination "normal"]
[Board "11"]
[WhiteElo "1348"]
[BlackElo "1159"]
[WhiteClock "00:53:11"]
[BlackClock "01:01:45"]
[PlyCount "73"]
[WhiteFideId "34644806"]
[BlackFideId "34660526"]
[EventCountry "GER"]
[EventRounds "9"]
[EventType "swiss"]
[EventDate "2023.05.27"]

1. e4 {[%clk 01:30:59]} c5 {[%clk 01:30:50]} {[%emt 00:00:10]} 2. Nc3 {[%clk
01:31:23]} {[%emt 00:00:06]} e6 {[%clk 01:31:11]} {[%emt 00:00:10]} 3. g3
{[%clk 01:31:27]} {[%emt 00:00:25]} a6 {[%clk 01:31:14]} {[%emt 00:00:27]} 4.
Bg2 {[%clk 01:31:51]} {[%emt 00:00:05]} Be7 {[%clk 01:30:14]} {[%emt 00:01:31]}
5. d3 {[%clk 01:32:04]} {[%emt 00:00:17]} Qc7 {[%clk 01:30:05]} {[%emt
00:00:39]} 6. Be3 {[%clk 01:30:57]} {[%emt 00:01:37]} d6 {[%clk 01:30:10]}
{[%emt 00:00:26]} 7. Qd2 {[%clk 01:30:26]} {[%emt 00:01:00]} b5 {[%clk
01:30:02]} {[%emt 00:00:38]} 8. f4 {[%clk 01:30:22]} {[%emt 00:00:33]} Bb7
{[%clk 01:29:53]} {[%emt 00:00:40]} 9. Nf3 {[%clk 01:30:17]} {[%emt 00:00:35]}
d5 {[%clk 01:28:12]} {[%emt 00:02:11]} 10. exd5 {[%clk 01:30:38]} {[%emt
00:00:08]} exd5 {[%clk 01:28:37]} {[%emt 00:00:06]} 11. d4 {[%clk 01:31:01]}
{[%emt 00:00:08]} Nd7 {[%clk 01:28:41]} {[%emt 00:00:26]} 12. dxc5 {[%clk
01:29:48]} {[%emt 00:01:43]} Bxc5 {[%clk 01:25:28]} {[%emt 00:03:42]} 13. Nd4
{[%clk 01:24:04]} {[%emt 00:06:14]} Ngf6 {[%clk 01:24:17]} {[%emt 00:01:41]}
14. h3 {[%clk 01:24:14]} {[%emt 00:00:21]} O-O {[%clk 01:23:53]} {[%emt
00:00:54]} 15. O-O {[%clk 01:22:35]} {[%emt 00:02:08]} Rfe8 {[%clk 01:22:39]}
{[%emt 00:01:45]} 16. g4 {[%clk 01:20:37]} {[%emt 00:02:28]} Qb6 {[%clk
01:21:39]} {[%emt 00:01:30]} 17. Nce2 {[%clk 01:20:20]} {[%emt 00:00:47]} Ne4
{[%clk 01:20:01]} {[%emt 00:02:08]} 18. Qd3 {[%clk 01:18:04]} {[%emt 00:02:46]}
Ng3 {[%clk 01:17:50]} {[%emt 00:02:41]} 19. c3 {[%clk 01:12:30]} {[%emt
00:06:04]} Nxf1 {[%clk 01:16:12]} {[%emt 00:02:07]} 20. Rxf1 {[%clk 01:12:31]}
{[%emt 00:00:27]} Re7 {[%clk 01:15:36]} {[%emt 00:01:08]} 21. b4 {[%emt
00:01:20]} Bxd4 {[%clk 01:15:05]} {[%emt 00:00:35]} 22. Nxd4 {[%clk 01:11:15]}
{[%emt 00:01:22]} Qc7 {[%clk 01:12:55]} {[%emt 00:02:40]} 23. Nf5 {[%clk
01:09:17]} {[%emt 00:02:28]} Ree8 {[%clk 01:11:37]} {[%emt 00:01:48]} 24. Qd4
{[%clk 01:09:15]} {[%emt 00:00:33]} f6 {[%clk 01:11:05]} {[%emt 00:01:01]} 25.
g5 {[%clk 01:07:17]} {[%emt 00:02:29]} g6 {[%clk 01:10:13]} {[%emt 00:01:21]}
26. Nh6+ {[%clk 01:03:50]} {[%emt 00:03:57]} Kg7 {[%clk 01:10:18]} {[%emt
00:00:26]} 27. gxf6+ {[%clk 01:04:04]} {[%emt 00:00:15]} Nxf6 {[%clk 01:09:59]}
{[%emt 00:00:48]} 28. f5 {[%clk 01:04:00]} {[%emt 00:00:35]} Qg3 {[%clk
01:07:12]} {[%emt 00:03:17]} 29. Ng4 {[%clk 00:59:56]} {[%emt 00:04:34]} Qh4
{[%clk 01:05:33]} {[%emt 00:02:09]} 30. fxg6 {[%clk 00:56:25]} {[%emt
00:04:01]} Re6 {[%clk 01:04:45]} {[%emt 00:01:18]} 31. Bh6+ {[%clk 00:55:20]}
{[%emt 00:01:36]} Kxg6 {[%clk 01:02:41]} {[%emt 00:02:33]} 32. Ne5+ {[%clk
00:55:05]} {[%emt 00:00:46]} Kh5 {[%clk 01:00:54]} {[%emt 00:02:16]} 33. Rf5+
{[%clk 00:54:58]} {[%emt 00:00:36]} Kxh6 {[%clk 01:01:15]} {[%emt 00:00:09]}
34. Qxh4+ {[%clk 00:55:21]} {[%emt 00:00:08]} Kg7 {[%clk 01:01:40]} {[%emt
00:00:05]} 35. Qg5+ {[%clk 00:54:12]} {[%emt 00:01:38]} Kf8 {[%clk 01:01:43]}
{[%emt 00:00:27]} 36. Nd7+ {[%clk 00:54:10]} {[%emt 00:00:33]} Ke7 {[%clk
01:01:45]} {[%emt 00:00:28]} 37. Nxf6 {[%clk 00:53:11]} {[%emt 00:01:32]} 1-0